| 000 | 00625cab a2200205 4500 | ||
|---|---|---|---|
| 001 | WB2803-30 | ||
| 008 | 090401t1992 xxu||||| |||| 00| 0 eng d | ||
| 035 | _a(Sirsi) u7449 | ||
| 041 | _aeng | ||
| 245 | _aCracking good deal | ||
| 260 | _c1992 | ||
| 350 | _a0 | ||
| 490 |
_aEvening Standard _v15 January 1992, 34(1) |
||
| 520 | _aReviews a new insurance policy from Strovers, an Essex based brokers, which bases subsidence risk on accurate geological maps and soil tests rather than postcodes. | ||
| 650 | _aGEOLOGY | ||
| 650 | _aINSURANCE POLICIES | ||
| 690 |
_aInsurance _96249 |
||
| 942 | _n0 | ||
| 948 | _c04/03/1997 | ||
| 999 |
_c4500 _d4500 |
||